000 00965nam a2200193 a 4500
003 0
005 20250523110316.0
008 030519s19uu xx 00 eng d
050 _aPHS LB 3051
_b.A33 2003
100 _aAgapito, Mark Christian F.
245 _aA Comparative study of selected St. Benedict College teachers' expectations on their students' performance and selected students' expectations on their academic performance /
_cMark Christian F. Agapito.
260 _aLas PiƱas City, Philippines :
_bSouthville International School and Colleges,
_c2003.
300 _a40 pages :
_billustrations ;
_c28 cm.
504 _aIncludes bibliographical references.
650 _aTeacher expectations of students
_zPhilippines.
650 _aAcademic achievement
_xPsychological aspects
_zPhilippines.
856 _uhttp://library.southville.edu.ph:8080/jspui/bitstream/123456789/47/1/A%20Research%20Paper%20Mark%20Christian%20F.%20Agapito.pdf
942 _2lcc
_cPASS
999 _c96752
_d96752